000 00184 a2200097 4500
001 45453
100 _aPasternak A
245 _a
260 _aNew Delhi
_b
_c
090 _c28617
_d28617
942 _aNUST-CAE
_cM
_c20688
999 _c280526
_d280526